Statistics for EPL Never Relegated Teams

Click here to take the quiz!

General Stats

  • This quiz has been taken 39,703 times
    (31,677 since last reset)
  • The average score is 6 of 6

Answer Stats

Team % Correct
Manchester United
98%
Arsenal
97%
Chelsea
96%
Liverpool
96%
Tottenham Hotspur
90%
Everton
83%

Score Distribution

Percentile by Number Answered

Percent of People with Each Score

Your Score History

You have not taken this quiz since the last reset